[Event "Grand Prix Hamburg 2019"]
[Site "Hamburg"]
[Date "2019.11.13"]
[Round "3.4"]
[White "Dubov, Daniil"]
[Black "Duda, Jan-Krzysztof"]
[Result "0-1"]
[WhiteElo "2699"]
[BlackElo "2734"]
[Annotator "TA"]
[PlyCount "170"]
[EventDate "2019.11.05"]
[EventType "k.o."]
[EventCountry "GER"]
[SourceTitle "playchess.com"]
[Source "ChessBase"]
[SourceQuality "1"]

{[%evp 9,170,69,79,70,65,22,76,33,45,9,30,0,1,0,0,-17,-22,-14,2,0,15,9,12,0,70,18,21,25,32,22,34,30,28,34,27,19,25,10,30,31,36,19,66,42,27,32,34,30,127,79,96,106,96,45,52,53,56,39,49,56,73,0,0,-31,-20,-10,-17,-59,-42,-43,-50,-54,-54,-150,-164,-156,-145,-162,-157,-141,-84,-71,0,0,0,0,0,0,0,0,0,0,0,0,0,0,0,0,0,0,0,0,0,0,0,0,0,0,0,0,0,-7,0,0,0,0,0,0,0,0,0,0,0,0,68,68,62,-320,-297,-29958,-29955,-5704,-354,-5916,-5774,-6215,-5158,-29969,-29972,-29972,-29974,-29973,-29974,-29974,-29976,-29976,-29976,-29976,-29977,-29981,-29981,-29982,-29983,-29983,-29984,-29984,-29983,-29983,-29982,-29983,-29984,-29984,-29985]} 1. d4 g6 2. e4 Bg7 3. Nf3 d6 4. Bc4 a6 5. O-O b5 6. Bb3 {B06: Modern Defence} Bb7 (6... e6 7. a4 Bb7 8. Re1 Ne7 9. axb5 axb5 10. Rxa8 Bxa8 11. Qe2 c6 12. Nbd2 O-O 13. Nf1 Nd7 14. Ng3 c5 15. Bf4 c4 16. c3 e5 17. Bc2 {½-½ (17) Kobalia,M (2608)-Demidov,M (2557) Moscow 2019}) 7. Re1 e6 (7... Nf6 $11) 8. c3 {White is better.} Nd7 9. a4 Ngf6 $146 ({Predecessor:} 9... Ne7 10. Qe2 O-O 11. Nbd2 c6 12. Nf1 h6 13. Ng3 {1-0 (40) Fernandez Romero,E (2480)-Diaz Castro,S (2224) Seville 2013}) 10. Nbd2 O-O 11. Bc2 c5 12. Nf1 Qc7 13. Ng3 Rfc8 14. Bd3 b4 15. a5 c4 16. Bf1 b3 (16... bxc3 $11 17. bxc3 Rab8) 17. Ra4 (17. Nd2 $14) 17... d5 $11 18. e5 Ne8 $1 19. h4 Bc6 20. Ra1 Rcb8 21. h5 Rb5 22. Ng5 Nf8 23. Qf3 Ra7 24. Nh1 h6 25. Nh3 g5 26. Qd1 (26. Qe2 {feels hotter.} Rxa5 27. Rxa5 Qxa5 28. f4 gxf4 29. Bxf4 f5 30. exf6 Nxf6 31. g4) 26... Rxa5 27. Rxa5 Qxa5 28. f4 g4 (28... gxf4 $11 29. N1f2 Qa2) 29. N3f2 f5 {...Qd8 is the strong threat.} 30. exf6 $1 Nxf6 31. Ng3 ({White should try} 31. Nxg4 $16 Nxg4 32. Qxg4) 31... Rf7 $14 32. Be2 Bd7 33. Nxg4 Nxg4 34. Bxg4 Qc7 35. Ne2 (35. Qe2 $16) 35... a5 $11 36. f5 exf5 37. Bf3 $1 {Hoping for Nf4.} Bc6 38. Bf4 Qd8 39. Qc1 Kh7 40. Be5 Ne6 41. Bxg7 ({White should play} 41. Nf4 $15 Ng5 42. Qd1) 41... Rxg7 $17 (41... Kxg7 42. Nf4 $15) 42. Nf4 Ng5 $1 {[%cal Rg5f3]} 43. Qe3 {With the idea Ne6.} Qd6 {aiming for ...Qxf4!} 44. Ng6 Qg3 (44... a4 $142 45. Ra1 Bd7) 45. Rf1 {[#]} Rf7 (45... Qc7 $1 $17) 46. Qe5 $36 {[%csl Gg6][%cal Re5h8][%mdl 2048] White has the initiative.} Nxf3+ 47. Rxf3 {[%csl Gg6][%cal Re5h8][%mdl 64] Double Attack} Qxe5 48. Nxe5 Rf6 49. Nxc6 Rxc6 50. Rxf5 {[%mdl 4096] Endgame KR-KR} a4 51. Rf7+ $1 (51. Rxd5 $2 {[#]} a3 $1 $19 {[%mdl 512]}) 51... Kg8 52. Ra7 Re6 {White must now prevent ...Re2.} 53. Kf2 Rf6+ 54. Ke2 Rf5 55. Rxa4 Rxh5 {Strongly threatening ...Rh1.} 56. Ra1 Rg5 57. Kf3 Rf5+ 58. Ke2 Kg7 59. Ke3 h5 60. Ke2 Kg6 61. Ra8 Rf7 62. Ra5 Rd7 63. Kf3 Kg5 64. g3 Rd8 65. Rb5 Rf8+ 66. Kg2 $1 Kf5 (66... Rf5 $11) 67. Rxd5+ $14 Ke4 $1 {[%cal Re4d5]} 68. Re5+ $2 {[%mdl 8192]} (68. Rxh5 $14 {was forced to keep a grip.} Ke3 69. Rh2) 68... Kd3 $19 69. d5 $2 ({Reject} 69. Rxh5 Kc2 $19) (69. Re6 $19) 69... Kc2 70. Re2+ Kd1 $2 (70... Kc1 {Threatens to win with ...Rd8.} 71. Rf2 Rxf2+ 72. Kxf2 Kxb2) 71. Re5 $2 (71. Re4 Kc1 72. Rxc4 (72. Re2 $2 Rd8 $19)) 71... Kc1 72. Re4 Rd8 73. Rxc4 Rxd5 {Black mates.} 74. Rd4 Rc5 ({And not} 74... Rxd4 75. cxd4 Kxb2 76. d5 $11) 75. c4 Kxb2 76. Rd5 Rxc4 77. Rxh5 Kc3 78. Rh1 b2 79. Kh3 Kb3 80. Rb1 Rc1 81. Rxb2+ Kxb2 82. Kg4 Kc3 83. Kf5 Rf1+ 84. Ke5 Rg1 85. Kf4 Kd4 {Accuracy: White = 45%, Black = 65%.} 0-1

[Event "Grand Prix Hamburg 2019"]
[Site "Hamburg"]
[Date "2019.11.13"]
[Round "3.5"]
[White "Dubov, Daniil"]
[Black "Duda, Jan-Krzysztof"]
[Result "1/2-1/2"]
[WhiteElo "2699"]
[BlackElo "2734"]
[Annotator "TA"]
[PlyCount "31"]
[EventDate "2019.11.05"]
[EventType "k.o."]
[EventCountry "GER"]
[SourceTitle "playchess.com"]
[Source "ChessBase"]
[SourceQuality "1"]

{[%evp 16,31,23,23,22,16,20,19,20,0,2,0,22,33,50,33,23,22]} 1. d4 d5 2. c4 c6 3. Nf3 Nf6 4. cxd5 cxd5 5. Nc3 Nc6 6. Bf4 Bf5 7. Qb3 Na5 8. Qa4+ Bd7 9. Qc2 e6 {D14: Slav Defence: Exchange variation with ...Bf5} 10. e3 Nc6 (10... Be7 11. Bd3 Nc6 12. Qe2 Nh5 13. Be5 f6 14. Bg3 f5 15. Nd2 g6 {½-½ (29) Aronian,L (2756)-Yu,Y (2736) Riga 2019}) 11. a3 Nh5 {The position is equal.} 12. Bg5 f6 $146 ({Predecessor:} 12... Qa5 13. Be2 h6 14. Bh4 g5 15. Bg3 Nxg3 16. hxg3 Bg7 17. g4 {½-½ (41) Dzagnidze,N (2522)-Sebag,M (2492) Riadh 2017}) 13. h4 Qc7 14. g4 fxg5 15. gxh5 gxh4 16. Rg1 1/2-1/2

[Event "Grand Prix Hamburg 2019"]
[Site "Hamburg"]
[Date "2019.11.13"]
[Round "3.6"]
[White "Duda, Jan-Krzysztof"]
[Black "Dubov, Daniil"]
[Result "1-0"]
[WhiteElo "2734"]
[BlackElo "2699"]
[Annotator "TA"]
[PlyCount "119"]
[EventDate "2019.11.05"]
[EventType "k.o."]
[EventCountry "GER"]
[SourceTitle "playchess.com"]
[Source "ChessBase"]
[SourceQuality "1"]

{[%evp 13,119,0,0,0,0,3,-3,-8,0,0,0,-6,18,0,0,0,27,27,28,28,28,28,29,29,29,29,37,20,31,22,54,-3,9,15,17,0,12,0,37,0,11,0,0,0,18,0,0,0,21,-7,8,4,47,45,53,45,56,73,56,70,100,90,122,97,118,116,142,31,39,55,52,68,178,152,154,156,148,146,148,150,138,146,256,256,246,231,306,297,292,289,277,277,381,381,381,376,373,373,1255,1262,1291,1291,1262,1255,1186,1182,1113,564]} 1. d4 Nf6 2. c3 g6 3. Bg5 Bg7 4. Nd2 d5 5. e3 O-O 6. Ngf3 Nbd7 7. Be2 Re8 8. Qb3 {D03: 1 d4 d5 2 Nf3 Nf6 3 Bg5, including Torre Attack with early ...d5} (8. O-O e5 9. Rc1 c6 10. h3 e4 11. Nh2 Nf8 12. c4 Qa5 13. a3 dxc4 14. Bxf6 Bxf6 15. Bxc4 Bf5 16. g4 Bd7 {1-0 (33) Kramnik,V (2753)-Svidler,P (2729) Amsterdam 2019}) 8... c6 9. O-O e5 10. Rfd1 {The position is equal.} h6 $146 ({Predecessor:} 10... e4 11. Ne1 h6 12. Bh4 g5 13. Bg3 Nf8 14. c4 Ng6 15. Nc2 h5 {0-1 (41) Lein,A (2535)-Biyiasas,P (2485) Hastings 1979}) 11. Bh4 Qe7 12. Rac1 exd4 13. cxd4 a5 14. h3 Qb4 15. Qc2 Ne4 {White should prevent ...g5.} 16. Nxe4 Rxe4 17. Bd3 Re8 18. a3 Qf8 19. Rb1 a4 20. Bg3 Nf6 21. Ne5 Be6 22. Rf1 ({White should try} 22. b3 $14) 22... Ne4 23. Bh2 Qe7 24. Rbc1 Nd6 25. Qc5 {Black must now prevent Nxc6.} Nf5 26. Qb6 Nh4 27. Bg3 Nf5 28. Bh2 Nh4 29. Bg3 Nf5 30. Bf4 Nh4 31. Rc5 Bxe5 32. dxe5 (32. Bxe5 $2 {[#]} Bxh3 $1 {[%mdl 512]} 33. Bg3 (33. gxh3 $2 Qg5+ 34. Bg3 Rxe3 $19) 33... Nxg2 $19) 32... Bf5 33. Be2 $1 g5 34. Bg3 Ng6 35. f4 gxf4 36. exf4 d4 37. Rd1 Rad8 38. Rc4 d3 39. Bf3 Nh4 40. Bxh4 (40. Bh5 $16) 40... Qxh4 $14 41. Qf2 Qxf2+ 42. Kxf2 Be6 (42... d2 $14) 43. Rc3 d2 {[#] aiming for ...Bb3.} 44. Ke3 f6 45. Rxd2 fxe5 46. fxe5 Rxd2 47. Kxd2 Bd5 (47... Ra8 $16) 48. Bxd5+ $18 cxd5 {[%mdl 4096] Endgame KR-KR} 49. Rc7 Rxe5 50. Rxb7 Rf5 51. Ke3 Re5+ 52. Kd4 Rg5 53. g4 h5 54. gxh5 Rxh5 55. Kc5 Rxh3 $2 (55... Kf8 56. Rb4 Ke7 57. Rxa4 d4+ 58. Kc4 Rxh3) 56. Kxd5 {White is clearly winning.} Kf8 57. Kc5 Ke8 58. Rb4 Rh5+ 59. Kb6 Rh2 60. Kb5 {Accuracy: White = 57%, Black = 37%.} 1-0

[Event "Grand Prix Hamburg 2019"]
[Site "Hamburg"]
[Date "2019.11.15"]
[Round "4.1"]
[White "Grischuk, Alexander"]
[Black "Duda, Jan-Krzysztof"]
[Result "1/2-1/2"]
[WhiteElo "2759"]
[BlackElo "2734"]
[Annotator "TA"]
[PlyCount "92"]
[EventDate "2019.11.05"]
[EventType "k.o."]
[EventCountry "GER"]
[SourceTitle "playchess.com"]
[Source "ChessBase"]
[SourceQuality "1"]

{[%evp 19,92,16,6,8,13,9,12,12,34,35,50,44,42,54,56,58,39,53,64,60,47,54,66,70,73,73,82,66,58,67,60,37,56,50,68,27,45,48,76,15,39,15,39,38,53,35,84,47,52,28,143,0,0,0,0,0,13,0,4,0,0,0,25,0,0,0,0,0,0,0,0,0,0,0,0]} 1. d4 Nf6 2. c4 e6 3. Nf3 b6 4. g3 Ba6 5. b3 Bb4+ 6. Bd2 Be7 7. Bg2 d5 8. cxd5 exd5 9. O-O O-O 10. Nc3 Re8 11. Ne5 {E15: Queen's Indian: 4 g3 sidelines, 4 g3 Ba6 and 4 g3 Bb7 early deviations} (11. a3 Nbd7 12. b4 Bb7 13. Qb3 Bd6 14. Bg5 h6 15. Bxf6 Nxf6 16. e3 c6 17. Rfc1 Qe7 18. Nd2 a6 {½-½ (46) Karjakin,S (2748)-Harikrishna,P (2734) Yekaterinburg 2019}) 11... Bb7 12. Rc1 Nbd7 13. Rc2 Bf8 14. Bf4 c5 15. Nxd7 $146 ({Predecessor:} 15. Nc4 Re6 16. Nb5 {1-0 (68) Kolmagorov,A (2180)-Inozemtsev,S (2310) Sochi 2019}) 15... Qxd7 16. dxc5 bxc5 17. Bg5 $1 d4 {[#] And now ...Bxg2 would win.} 18. Bxb7 Qxb7 19. Bxf6 $1 gxf6 20. Na4 {[%cal Bc3a4,Ba4b2,Bb2c4][%mdl 32]} Re5 21. Nb2 Rae8 22. Nc4 Re4 23. e3 f5 24. Qh5 Qd7 25. Rd2 Bg7 26. Rd3 Qe6 27. exd4 (27. f3 $5 {[%cal Rf3e4]} Rxe3 28. Nxe3 dxe3 29. Re1 $14) 27... cxd4 28. Rf3 Re2 29. Rxf5 (29. a4 $16) 29... Rxa2 $11 30. Rd5 Qg6 31. Qf3 Ra6 32. Rd7 h5 33. h4 Rf6 34. Qd5 Re2 {[#]} (34... Rf5 $11 {keeps the balance.} 35. Qb7 Re2) 35. Qg5 ({Don't take} 35. Rxa7 $6 Rf5 $11) (35. Ne5 $1 $16 Qe4 36. Qxe4 Rxe4 37. Nd3) 35... Qxg5 36. hxg5 Rf5 37. f4 Rb5 38. Rf3 a5 39. Ra7 Rc2 40. Rxa5 Rb8 41. Kf1 Rc3 {The position is equal.} 42. Rxc3 (42. Nd2 {looks sharper.} Rc1+ 43. Kg2 Rd8 44. Ra2 d3 45. b4) 42... dxc3 43. Ne3 Rxb3 44. Ke2 Bd4 45. Ra8+ Kh7 46. Rc8 Bxe3 {Accuracy: White = 56%, Black = 58%.} 1/2-1/2

[Event "Grand Prix Hamburg 2019"]
[Site "Hamburg"]
[Date "2019.11.16"]
[Round "4.2"]
[White "Duda, Jan-Krzysztof"]
[Black "Grischuk, Alexander"]
[Result "1/2-1/2"]
[WhiteElo "2734"]
[BlackElo "2759"]
[Annotator "TA"]
[PlyCount "75"]
[EventDate "2019.11.05"]
[EventType "k.o."]
[EventCountry "GER"]
[SourceTitle "playchess.com"]
[Source "ChessBase"]
[SourceQuality "1"]

{[%evp 12,75,18,13,25,-9,-8,-15,-12,-22,-23,-79,-69,-82,-48,-54,-59,-34,0,-81,-34,-43,-40,-22,-33,-41,-43,-22,-29,-32,-34,-32,-32,-32,-33,-32,-37,-36,-22,-45,-22,-18,-20,-29,-18,-31,-13,-9,-8,-8,-8,-12,-4,-6,0,0,0,0,0,0,0,0,0,0,0,0]} 1. d4 Nf6 2. c4 e6 3. Nf3 d5 4. Nc3 Be7 5. Bf4 O-O 6. e3 Nbd7 7. Rc1 c5 {D37: Queen's Gambit Declined: 5 Bf4} 8. dxc5 Nxc5 9. cxd5 Nxd5 10. Nxd5 exd5 11. a3 {[#]} (11. Be5 $11 {remains equal.}) 11... Bd7 $1 $17 (11... Bg4 12. Be2 Ne6 13. Be5 Bf6 14. Bxf6 Qxf6 15. Qd2 {½-½ (34) Bogdanovich,S (2590)-Nguyen,N (2649) Ho Chi Minh City 2016}) 12. Qxd5 Rc8 $146 ({Predecessor:} 12... Be6 13. Qxd8 Rfxd8 14. Be2 Nb3 15. Rc7 {1-0 (43) Teske,H (2537)-Weiler,D (2165) Frankfurt 2012}) 13. e4 $1 Qb6 14. b4 {Strongly threatening Be3.} Rfd8 (14... Be6 $5 {[%cal Re6d5]} 15. Qd4 (15. bxc5 $2 Bxc5 16. Rxc5 Bxd5 $19) 15... Rfd8 $15) 15. bxc5 (15. Be3 $11 Be6 16. Qe5 {[%mdl 64] Pin} (16. bxc5 $2 Qa5+ 17. Qd2 Rxd2 $19)) 15... Bxc5 16. Be2 $1 {[#] Hoping for 0-0.} Bb5 17. Rxc5 $1 Rxc5 18. Qb3 Qc6 $1 {And now ...Bxe2 would win.} 19. Be3 $1 {[%cal Re3c5]} Bxe2 20. Bxc5 Bxf3 21. Qxf3 Qxc5 $11 {[%mdl 4096] Endgame KQR-KQR} 22. O-O b5 23. h4 h6 24. Rb1 a6 25. Rb3 Qe5 26. g3 Rd4 27. Re3 $1 a5 28. Qg4 b4 29. axb4 {The position is equal.} axb4 30. Qc8+ Kh7 31. Qb7 f6 32. Kg2 Rc4 (32... Qe6 {looks sharper.} 33. Re2 Kg6 34. Re3 Rc4 35. Re1 Qe5) 33. Qd5 Qxd5 (33... Rc3 {keeps more tension.} 34. Rxc3 bxc3 35. Qc4 h5 36. Kf1 Qa5) 34. exd5 Rd4 35. Rb3 Kg6 36. Kf3 h5 37. Ke3 Rxd5 38. Rxb4 {Accuracy: White = 69%, Black = 64%.} 1/2-1/2

[Event "Grand Prix Hamburg 2019"]
[Site "Hamburg"]
[Date "2019.11.17"]
[Round "4.3"]
[White "Duda, Jan-Krzysztof"]
[Black "Grischuk, Alexander"]
[Result "1-0"]
[WhiteElo "2734"]
[BlackElo "2759"]
[Annotator "TA"]
[PlyCount "89"]
[EventDate "2019.11.05"]
[EventType "k.o."]
[EventCountry "GER"]
[SourceTitle "playchess.com"]
[Source "ChessBase"]
[SourceQuality "1"]

{[%evp 17,89,-14,0,0,0,-2,-6,-11,11,13,44,57,55,41,55,42,43,51,44,62,45,0,0,0,67,44,214,204,198,72,230,233,262,241,259,156,150,150,139,112,102,113,107,113,158,154,177,181,220,221,558,569,554,567,548,564,549,533,533,527,638,635,765,772,770,696,675,678,667,654,653,461,29989,29990]} 1. c4 e5 2. Nc3 Nf6 3. g3 Bb4 4. Bg2 O-O 5. Nf3 Re8 6. O-O e4 7. Nd4 Nc6 8. Nc2 Bxc3 9. bxc3 d5 10. cxd5 {A29: English Opening: Four Knights Variation with 4 g3} Qxd5 11. Ne3 Qh5 12. f3 {The position is equal.} Ne5 (12... exf3 13. exf3 Ne7 14. f4 Qxd1 15. Rxd1 Nf5 16. Rb1 Nxe3 17. dxe3 h5 {½-½ (33) Li,C (2703)-Bu,X (2726) China 2018}) 13. fxe4 {Threatens to win with Rxf6!} Neg4 14. Nxg4 $1 Bxg4 15. Qc2 $1 Bxe2 16. Rf5 Bd1 17. Qb1 $1 Qe2 18. Rf2 $146 ({Predecessor:} 18. Qxb7) 18... Qh5 {White must now prevent ...Ng4!} 19. Rf5 Qe2 20. Rf2 (20. Rf4 $11) 20... Qh5 $14 21. h3 $36 {[%mdl 2048] aiming for d4. White has some pressure.} Rad8 $2 (21... Qg6 $14 22. d3 Ba4) 22. d4 $18 (22. Qxb7 Bc2 $15) 22... Ba4 {[#]} 23. Qxb7 (23. e5 $1 $18 {has better winning chances.}) 23... Qa5 $2 {[#]} (23... Qd1+ $16 {was necessary.} 24. Rf1 Qd3) 24. e5 $1 {[%cal Re5f6]} Nd5 25. Bd2 Qb5 26. Qxb5 ({But not} 26. Qxa7 $6 Ra8 $16) 26... Bxb5 27. Bg5 Rd7 28. Rc1 {Strongly threatening c4.} Bc4 29. Rb2 h6 30. Bd2 a5 31. a4 c5 32. Rcb1 Red8 33. Rb8 ({Don't play} 33. dxc5 Rc7) 33... Bd3 $2 (33... cxd4 34. cxd4 Nb4 35. Rxd8+ Rxd8) 34. R1b7 Rxb8 35. Rxb8+ Kh7 36. dxc5 Bc4 37. Be4+ g6 38. c6 Rc7 39. Rd8 Nb6 {[#]} 40. e6 $1 Bxe6 41. Bf4 Rc8 42. c7 Nxa4 43. Bb7 Nb6 44. h4 a4 (44... g5 $18 45. hxg5 hxg5 46. Bxc8 Nxc8 47. Bxg5 a4) 45. Bxc8 {Accuracy: White = 76%, Black = 37%.} 1-0

[Event "Grand Prix Hamburg 2019"]
[Site "Hamburg"]
[Date "2019.11.17"]
[Round "4.4"]
[White "Grischuk, Alexander"]
[Black "Duda, Jan-Krzysztof"]
[Result "1-0"]
[WhiteElo "2759"]
[BlackElo "2734"]
[Annotator "TA"]
[PlyCount "63"]
[EventDate "2019.11.05"]
[EventType "k.o."]
[EventCountry "GER"]
[SourceTitle "playchess.com"]
[Source "ChessBase"]
[SourceQuality "1"]

{[%evp 16,63,5,6,17,11,28,27,33,29,31,25,33,31,106,96,91,108,97,88,104,102,134,123,121,117,130,138,124,109,125,121,119,121,139,143,153,153,157,148,380,382,507,496,403,375,558,540,545,521]} 1. d4 Nf6 2. c4 e6 3. Nf3 b6 4. g3 Ba6 5. b3 Bb4+ 6. Bd2 Be7 7. Bg2 d5 8. O-O O-O 9. Ne5 c6 {E15: Queen's Indian: 4 g3 sidelines, 4 g3 Ba6 and 4 g3 Bb7 early deviations} (9... c5 10. Bc3 Bb7 11. Nd2 Na6 12. Rc1 Re8 13. e3 cxd4 14. Bxd4 Ba3 15. Rb1 Bf8 16. Qe2 Nb4 17. Rfd1 {½-½ (65) Radjabov,T (2759)-Gelfand,B (2676) Moscow 2019}) 10. Bc3 Nfd7 11. Nd3 dxc4 {White has an edge.} 12. Nb4 cxb3 {[#] Strongly threatening ...Bxb4.} 13. Nxa6 Nxa6 14. Bxc6 Rb8 $146 ({Black should try} 14... Rc8 $14 15. Bb7 Rxc3 {[%mdl 64] Remove Defender, Decoy} 16. Nxc3 Qc7) ({Predecessor:} 14... Rc8 15. Bb7 Rxc3 16. Nxc3 Qc7 17. Bxa6 {1-0 (77) Nowakowski,M (2446)-Carapinha,F (2264) ICCF email 2011}) 15. axb3 $16 Nb4 16. Bxb4 Bxb4 17. Rxa7 Nf6 18. e3 Rc8 19. Bg2 Re8 20. Nd2 {[%cal Bb1d2,Bd2c4,Bc4e5][%mdl 32]} Re7 21. Rxe7 Bxe7 22. Nc4 Bf8 23. Qa1 b5 24. Ne5 Qb6 25. Rc1 Rxc1+ 26. Qxc1 Qa7 27. Qc8 b4 $2 (27... g6 $16 28. Bc6 Kg7 29. Bxb5 Bd6) 28. Bb7 $18 {[#] aiming for Qc7.} Qa1+ 29. Kg2 {Hoping for Qc7.} Qa5 30. Bc6 Qa7 (30... Qb6 {was called for.} 31. h3 h6) 31. Be8 Nxe8 32. Nd7 {Accuracy: White = 98%, Black = 33%.} ({Not} 32. Qxe8 Qb7+ 33. Kf1 Qa7 $18) 1-0

[Event "Grand Prix Hamburg 2019"]
[Site "Hamburg"]
[Date "2019.11.17"]
[Round "4.5"]
[White "Grischuk, Alexander"]
[Black "Duda, Jan-Krzysztof"]
[Result "1-0"]
[WhiteElo "2759"]
[BlackElo "2734"]
[Annotator "TA"]
[PlyCount "35"]
[EventDate "2019.11.05"]
[EventType "k.o."]
[EventCountry "GER"]
[SourceTitle "playchess.com"]
[Source "ChessBase"]
[SourceQuality "1"]

{[%evp 9,119,21,19,25,29,25,24,18,50,68,79,75,95,88,95,131,110,121,327,326,303,287,343,352,454,408,408,260,265,97,831,827,890,855,844,750,767,594,584,550,562,554,538,538,561,556,558,537,520,530,521,529,550,448,458,468,610,606,679,527,626,620,730,755,900,868,900,885,858,804,953,915,910,902,1093,1032,1276,1160,2130,2043,3531,2840,29956,29957,29953,29963,29962,29963,29968,29970,29971,29972,29973,29974,29974,29975,29975,29976,29976,29976,29974,29975,29975,29976,29980,29981,29981,29982,29982,29978,29982,29982]} 1. d4 d5 2. c4 c6 3. Nf3 Nf6 4. e3 e6 5. Bd3 Nbd7 (5... dxc4 6. Bxc4 Nbd7 7. O-O Bd6 8. Nbd2 O-O 9. Be2 c5 10. b3 b6 11. Nc4 Bc7 12. a4 Bb7 13. Ba3 Ne4 14. Rc1 Qf6 15. Ncd2 Rac8 16. Nxe4 Bxe4 {0-1 (110) Kozul,Z (2612)-Adhiban,B (2682) Zagreb 2018}) 6. b3 {D30: Queen's Gambit Declined: Systems without Nc3} b6 7. O-O Bb7 8. Bb2 {White has an edge.} dxc4 9. bxc4 c5 10. d5 $146 ({Predecessor:} 10. Nbd2 Be7 11. Qe2 O-O 12. Rad1 Rc8 13. Ne5 cxd4 14. exd4 Nxe5 15. dxe5 {0-1 (29) Kessler,L (2280)-Duda,J (2536) Maribor 2013}) 10... exd5 11. cxd5 Bxd5 {[#]} 12. e4 $1 {[%cal Re4d5][%mdl 512]} Bc6 (12... Bxe4 13. Bxf6) 13. Re1 {[%mdl 1024] aiming for e5. White has strong compensation.} Qe7 $2 (13... Nh5 $16) 14. Nc3 $18 O-O-O {[#]} 15. Nd5 $1 {[%mdl 512]} Qe8 (15... Bxd5 16. exd5) 16. a4 Bd6 17. Ba6+ Kb8 18. Bb5 {Played: Qd1-b3} 1-0

[Event "Grand Prix Hamburg 2019"]
[Site "Hamburg"]
[Date "2019.11.17"]
[Round "4.6"]
[White "Duda, Jan-Krzysztof"]
[Black "Grischuk, Alexander"]
[Result "1/2-1/2"]
[WhiteElo "2734"]
[BlackElo "2759"]
[Annotator "TA"]
[PlyCount "89"]
[EventDate "2019.11.05"]
[EventType "k.o."]
[EventCountry "GER"]
[SourceTitle "playchess.com"]
[Source "ChessBase"]
[SourceQuality "1"]

{[%evp 11,89,-25,4,18,33,23,36,-37,8,0,10,12,9,0,0,18,61,65,55,60,48,41,35,33,27,0,0,0,22,0,0,-54,-46,-50,-50,-52,-66,-65,-36,-46,-20,-35,-31,-44,-34,-33,-29,-62,-59,-111,-135,-124,8,7,1,-57,-57,-60,-60,-210,-220,-344,-343,-413,-404,-397,-352,-477,-456,-467,-472,-960,-948,-1202,-1110,-2229,-1091,-1076,-1066,-29981]} 1. e4 e5 2. Nf3 Nc6 3. Nc3 Nf6 4. Bb5 Nd4 5. Ba4 c6 6. Nxe5 d5 7. d3 {C48: Four Knights: 4 Bb5, replies other than 4...Bb4} Bc5 (7... Bd6 8. f4 Bc5 9. exd5 O-O 10. dxc6 bxc6 11. h3 Re8 12. Qd2 Nd7 13. Kd1 Nxe5 14. fxe5 Rxe5 {1-0 (79) Wei,Y (2706)-Rodshtein,M (2654) Tsaghkadzor 2015}) 8. O-O {aiming for exd5.} O-O $1 9. Kh1 $146 ({Better is} 9. exd5 $14 Re8 10. Nf3) ({Predecessor:} 9. exd5 Nxd5 10. Ne4 Bb6 11. c3 Ne6 12. Qh5 Ndf4 13. Qf3 Ng6 14. Nc4 Bc7 {1-0 (35) Dobrowolny,R-Prochazka,H Brno 1921}) 9... Qc7 (9... b5 $5 10. Bb3 $8 a5 $11) 10. f4 $1 b5 11. Bb3 $1 {[%cal Re4d5]} a5 {Threatens to win with ...a4.} 12. a3 $1 Nxb3 13. cxb3 Bd4 14. Nf3 Bxc3 15. e5 {[#]} Bxe5 $1 {[%mdl 512]} 16. fxe5 (16. Nxe5 c5) 16... Nd7 17. Bf4 Nc5 18. Rc1 Ne6 19. Qd2 c5 20. d4 c4 21. Nh4 (21. Be3 $11) 21... Qd8 $15 22. Bg3 Ng5 23. Nf3 Ne4 24. Qe3 Bf5 25. Be1 Rc8 {[%cal Ba8c8,Bc8c6,Bc6g6][%mdl 32]} 26. h3 h6 27. Nd2 Bg6 28. Nxe4 Bxe4 29. Bd2 Rc6 30. a4 ({White should play} 30. Kh2 $15) 30... Rg6 $17 31. Rf2 Qh4 (31... f5 $17 {...f4! is the strong threat.} 32. Qf4 (32. axb5 $2 f4 $19) 32... bxa4 33. bxa4 (33. bxc4 dxc4 34. Bc3 Qd5 $17) 33... Qe7) 32. Kh2 $1 $11 Rb8 $132 {[%mdl 2048] With the idea ...bxa4. Black is fighting back} 33. axb5 (33. Bxa5 $11 bxa4 34. bxc4) 33... Rxb5 $15 34. bxc4 Rxb2 35. Rcf1 {[#]} (35. c5 $15) 35... a4 $1 $19 {[%cal Ba5a4,Ba4a3][%mdl 32]} ({Resist} 35... dxc4 36. g3 $15) 36. g3 {[#]} (36. c5 {was necessary.}) 36... Qe7 $1 37. c5 Rb3 38. Bc3 {Now Rb2 and White clings on.} a3 39. Ra1 Ra6 {Black is clearly winning.} 40. Qc1 f6 41. Rfa2 (41. Qf1 $142 Qe6 42. Qe1) 41... fxe5 42. Bd2 exd4 43. c6 {[#]} Qd6 $1 44. Bf4 Qxc6 45. Rxa3 {[%mdl 32768] Accuracy: White = 35%, Black = 58%. . An unexpected result.} 1/2-1/2